| 000 | 00814cam a2200193 4500 | ||
|---|---|---|---|
| 001 | WB3812-26 | ||
| 008 | 020403n2002 000 0 eng u | ||
| 035 | _a(Sirsi) u117340 | ||
| 245 | _aBuy-to-let market charter issued | ||
| 260 | _c2002 | ||
| 490 |
_aInvestors Chronicle _v 139(1776) 28 March 2002, 42(1) |
||
| 520 | _aAssociation of Residential Letting Agents has issued a charter laying out guidelines for buy-to-let investors, lenders and letting agents. Only five lenders have put their name to this, so it does not form the basis for standard industry practice, but it may help to bring some order to a disparate marketplace. | ||
| 590 | _aWB | ||
| 650 | _aARLA | ||
| 650 | _aBUY-TO-LET | ||
| 650 | _aASSOCIATION OF RESIDENTIAL LETTING AGENTS | ||
| 690 |
_aPROPERTY MANAGEMENT _96262 |
||
| 942 | _n0 | ||
| 999 |
_c69906 _d69906 |
||